00634cam a2200181 450000500170000000800410001702000230005802000210008102000210010205000220012310000290014524500720017425000350024626000640028130000190034550400430036465000450040720250905120927.0031003r2001 ag 000 0 spa u a9505083904 (o. c.) a9505083912 (t.1) a9505083963 (t.2)04aKHA2921bS24 20011 aSagües, Néstor Pedro10aElementos de derecho constitucional c / Néstor Pedro Sagüés. a3a ed.bactualizada y ampliada aBuenos Aires :bAstrea de Alfredo y Ricardo Depalma, c2001 a2 v. ;c20 cm. aBibliografía : p. 923-928 e índice 72lembaDerecho constitucional zArgentina